| 000 | 00790nam a22002531 4500 | ||
|---|---|---|---|
| 001 | 3113029 | ||
| 003 | OSt | ||
| 005 | 20250901165749.0 | ||
| 008 | 840210s1963 nyua 000 0 eng | ||
| 010 | _a 63011916 | ||
| 040 |
_aDLC/ICU _cICU _dDLC |
||
| 050 | 0 | 0 |
_aRB 40 .C45 1963 _b.C45 1963 |
| 082 | 0 | 0 | _a612.0152 |
| 100 | 1 | _aChristensen, Halvor N. | |
| 245 | 1 | 0 | _aBody fluids and their neutrality. |
| 250 | _a[Rev. ed.]. | ||
| 260 |
_aNew York, _bOxford University Press, _c1963. |
||
| 300 |
_a197 p. _billus. _c21 cm. |
||
| 500 | _a"A considerable portion of this book was first published in 1959 under the title: Diagnostic biochemistry." | ||
| 650 | 0 | _aBody fluids. | |
| 650 | 0 | _aAcid-base equilibrium. | |
| 906 |
_a7 _bcbc _corignew _du _eocip _f19 _gy-gencatlg |
||
| 942 |
_2lcc _cBK |
||
| 999 |
_c8925 _d8925 |
||